[Event "Berlin op 08"]
[Site "Berlin"]
[Date "2005.08.28"]
[Round "4"]
[White "Nettelroth, Erik"]
[Black "Rutz, Maximilian"]
[Result "1-0"]
[WhiteElo "892"]
[BlackElo "1113"]
[PlyCount "127"]
[EventDate "2005.08.27"]
[EventType "swiss"]
[EventRounds "7"]
[EventCountry "GER"]
[SourceTitle "EXT 2007"]
[Source "ChessBase"]
[SourceDate "2006.11.23"]
[SourceVersion "1"]
[SourceVersionDate "2006.11.23"]
[SourceQuality "1"]

1. e4 d5 2. exd5 Nf6 3. Nc3 Nxd5 4. Nxd5 Qxd5 5. Qf3 Qxf3 6. Nxf3 Nc6 7. Bb5 Bd7 8. d4 a6 9. Bc4 Bg4 10. Be2 Bxf3 11. Bxf3 Nxd4 12. Be4 c6 13. Be3 e5 14. 0-0-0 Bc5 15. c3 Ne6 16. Rd3 0-0 17. Rhd1 Bxe3+ 18. Rxe3 Rad8 19. Red3 Rxd3 20. Rxd3 Nc5 21. Re3 Nxe4 22. Rxe4 f6 23. h3 Rd8 24. Re2 Kf7 25. Kc2 Ke6 26. f3 h5 27. b4 h4 28. Re1 Kf5 29. Rg1 Kf4 30. Re1 g5 31. Re4+ Kg3 32. Re2 b6 33. a4 b5 34. a5 Rd5 35. Kb3 c5 36. c4 Rd4 37. bxc5 Rxc4 38. Rc2 Rd4 39. c6 Rd8 40. Kb4 Kf4 41. Kc5 Rc8 42. Kb6 Ke3 43. Kxa6 Kd3 44. Rc5 b4 45. Kb7 Re8 46. c7 b3 47. c8Q Rxc8 48. Kxc8 b2 49. Rb5 Kc2 50. Rxb2+ Kxb2 51. a6 Kc2 52. a7 Kd2 53. a8Q Ke2 54. Qa2+ Ke3 55. Kc7 Kf4 56. Kd6 f5 57. Qe6 Kg3 58. Kxe5 Kxg2 59. Qxf5 Kh2 60. Qxg5 Kh1 61. Ke4 Kh2 62. Ke3 Kh1 63. Kf2 Kh2 64. Qg2# 1-0

[Event "Berlin op 08"]
[Site "Berlin"]
[Date "2005.08.28"]
[Round "3"]
[White "Nettelroth, Erik"]
[Black "Schlesier, Tim"]
[Result "1/2-1/2"]
[WhiteElo "892"]
[BlackElo "892"]
[PlyCount "88"]
[EventDate "2005.08.27"]
[EventType "swiss"]
[EventRounds "7"]
[EventCountry "GER"]
[SourceTitle "EXT 2007"]
[Source "ChessBase"]
[SourceDate "2006.11.23"]
[SourceVersion "1"]
[SourceVersionDate "2006.11.23"]
[SourceQuality "1"]

1. e4 e5 2. Nf3 d6 3. d3 Nf6 4. Nc3 Nc6 5. Bg5 Bg4 6. h3 Bxf3 7. Qxf3 Nd4 8. Qd1 g6 9. Nd5 Bg7 10. Be2 0-0 11. Qd2 Ne6 12. Nxf6+ Bxf6 13. Bh6 Bg7 14. Bxg7 Kxg7 15. Bg4 Nd4 16. c3 Nc6 17. h4 d5 18. 0-0-0 dxe4 19. dxe4 Qxd2+ 20. Rxd2 Rad8 21. Rhd1 Rxd2 22. Rxd2 Rd8 23. Rxd8 Nxd8 24. Kd2 Kf6 25. Kd3 Ne6 26. g3 h5 27. Bd1 Nc5+ 28. Ke3 b6 29. b4 Ne6 30. a4 Ke7 31. Kd3 Kd7 32. Bb3 Ke7 33. Bxe6 Kxe6 34. Kc4 a6 35. a5 bxa5 36. bxa5 Kd6 37. f3 f6 38. g4 Kc6 39. Kb4 Kd6 40. Kc4 Kc6 41. Kb4 Kd6 42. Kc4 Kc6 43. Kb4 Kd6 44. Kc4 Kc6 1/2-1/2

[Event "Berlin-ch U10"]
[Site "Berlin"]
[Date "2005.01.26"]
[Round "6"]
[White "Davydov, Ruven"]
[Black "Nettelroth, Erik"]
[Result "1-0"]
[WhiteElo "1101"]
[BlackElo "932"]
[PlyCount "75"]
[EventDate "2005.01.23"]
[EventType "tourn"]
[EventRounds "9"]
[EventCountry "GER"]
[SourceTitle "EXT 2007"]
[Source "ChessBase"]
[SourceDate "2006.11.23"]
[SourceVersion "1"]
[SourceVersionDate "2006.11.23"]
[SourceQuality "1"]

1. d4 d5 2. Nf3 Nf6 3. e3 Bg4 4. Bd3 e6 5. h3 Bh5 6. Nc3 Nc6 7. a3 Bd6 8. Bd2 0-0 9. Qe2 h6 10. 0-0-0 Qe7 11. Nb5 Rad8 12. Nxd6 Qxd6 13. Bc3 Rde8 14. g4 Ne4 15. Bxe4 dxe4 16. gxh5 exf3 17. Qxf3 Qd5 18. Qg4 Qa2 19. Rhg1 g5 20. hxg6 f5 21. Qh4 Re7 22. Qxh6 Rg7 23. d5 e5 24. dxc6 Qe6 25. f4 bxc6 26. Bxe5 Qe7 27. Qxg7+ Qxg7 28. Bxg7 Kxg7 29. Rd7+ Kg8 30. g7 Re8 31. h4 Rxe3 32. Rh1 Re6 33. h5 Rh6 34. Rg1 Rxh5 35. Rd8+ Kf7 36. g8Q+ Ke7 37. Qe8+ Kf6 38. Rg6# 1-0

[Event "Berlin-ch U10"]
[Site "Berlin"]
[Date "2005.01.26"]
[Round "5"]
[White "Nettelroth, Erik"]
[Black "Peil, Dominik"]
[Result "1/2-1/2"]
[WhiteElo "932"]
[BlackElo "848"]
[PlyCount "114"]
[EventDate "2005.01.23"]
[EventType "tourn"]
[EventRounds "9"]
[EventCountry "GER"]
[SourceTitle "EXT 2007"]
[Source "ChessBase"]
[SourceDate "2006.11.23"]
[SourceVersion "1"]
[SourceVersionDate "2006.11.23"]
[SourceQuality "1"]

1. e4 d5 2. exd5 Nf6 3. Nc3 Nxd5 4. Nxd5 Qxd5 5. Qf3 Qe5+ 6. Be2 Qf5 7. Bd3 Qxf3 8. Nxf3 Bg4 9. Be4 Nc6 10. h3 Bxf3 11. Bxf3 Nd4 12. Be4 e5 13. Bxb7 Nxc2+ 14. Kf1 Rb8 15. Bc6+ Kd8 16. Rb1 Nd4 17. Bd5 Bc5 18. d3 Rf8 19. Be3 Ba3 20. b3 c6 21. Be4 c5 22. f4 f5 23. Bd5 exf4 24. Bxf4 Rb6 25. Bg5+ Kc7 26. Bf4+ Kd7 27. Re1 Re8 28. Kf2 Rxe1 29. Rxe1 Nc2 30. Re2 Nd4 31. Re5 Bb2 32. Bg5 Kd6 33. Bf4 Kd7 34. Bg5 Ne6 35. Bxe6+ Rxe6 36. Rxe6 Kxe6 37. Be3 Kd5 38. Ke2 Bd4 39. Bxd4 cxd4 40. Kf3 Kc5 41. Kf4 g6 42. Ke5 a6 43. a4 a5 44. g3 Kb4 45. Kxd4 Kxb3 46. Kc5 Kxa4 47. d4 Kb3 48. d5 a4 49. d6 a3 50. d7 a2 51. d8Q a1Q 52. Qb8+ Kc2 53. Kd6 Qd1+ 54. Ke6 Qe1+ 55. Kf6 Qc3+ 56. Kg5 Qd2+ 57. Kf6 Qc3+ 1/2-1/2

[Event "Berlin-ch U10"]
[Site "Berlin"]
[Date "2005.01.25"]
[Round "4"]
[White "Tong, Lukas Fabian Chuan"]
[Black "Nettelroth, Erik"]
[Result "1/2-1/2"]
[WhiteElo "998"]
[BlackElo "932"]
[PlyCount "97"]
[EventDate "2005.01.23"]
[EventType "tourn"]
[EventRounds "9"]
[EventCountry "GER"]
[SourceTitle "EXT 2007"]
[Source "ChessBase"]
[SourceDate "2006.11.23"]
[SourceVersion "1"]
[SourceVersionDate "2006.11.23"]
[SourceQuality "1"]

1. d4 d5 2. Nf3 Nf6 3. e3 Nc6 4. Bd3 Bg4 5. c4 e6 6. Nbd2 Bb4 7. 0-0 0-0 8. h3 Bh5 9. cxd5 exd5 10. a3 Bd6 11. Re1 h6 12. b3 Qe8 13. Qc2 Bxf3 14. Nxf3 a6 15. e4 dxe4 16. Bxe4 Qd7 17. Bxc6 bxc6 18. Bb2 Rfe8 19. Ne5 Qd8 20. Nxc6 Qd7 21. Ne5 Qe7 22. Nf3 Qd7 23. Ne5 Qe7 24. Nd3 Qd7 25. Rxe8+ Rxe8 26. Re1 Rxe1+ 27. Nxe1 Qe7 28. Nf3 Qd7 29. Ne5 Qe6 30. Qc4 Qxc4 31. bxc4 Kf8 32. Kf1 Ke7 33. f4 g5 34. c5 Bxe5 35. fxe5 Nd5 36. Kf2 Ke6 37. g4 f5 38. Kf3 fxg4+ 39. hxg4 c6 40. Ke4 Nf4 41. Ke3 Kd5 42. Bc3 Kc4 43. Bb4 Kd5 44. Bd2 Ne6 45. Bc3 Nf4 46. Bd2 Ne6 47. Bc3 Nf4 48. Bd2 Ne6 49. Bc3 1/2-1/2